Boletín bibliográfico de antropología americana : octubre a diciembre, 1938 /
Esta revista publica la bibliografía relacionada principalmente con temas antropológicos. Incluye un listado de los estudios que aparecen en revistas, bibliografías de investigadores, publicaciones de centros de investigación, comentarios de libros y breves estudios.
Guardado en:
| Andre forfattere: | |
|---|---|
| Format: | Bog |
| Sprog: | spansk |
| Udgivet: |
México :
Instituto Panamericano de Geografía e Historia,
1938, c1938
|
| Fag: | |
| Tags: |
Ingen Tags, Vær først til at tagge denne postø!
|
MARC
| LEADER | 00000nam^a2200000^a^4500 | ||
|---|---|---|---|
| 001 | 000115553 | ||
| 005 | 20250521000000.0 | ||
| 009 | 20260310094057.258 | ||
| 037 | |a Acervo ITESO - Biblioteca | ||
| 041 | |a ESP | ||
| 082 | |a 300. 5 |b BOL 1938 V. 4 | ||
| 240 | 1 | 1 | |a [Boletín bibliográfico de antropología americana] |
| 245 | 1 | 0 | |a Boletín bibliográfico de antropología americana : |b octubre a diciembre, 1938 / |c Dir. de A. Caso. |
| 264 | 4 | |a México : |b Instituto Panamericano de Geografía e Historia, |c 1938, c1938 | |
| 300 | |a p. 77-118 | ||
| 336 | |a texto |b txt |2 rdacontenido | ||
| 337 | |a sin mediación |b n |2 rdamedio | ||
| 338 | |a volumen |b nc |2 rdasoporte | ||
| 520 | |a Esta revista publica la bibliografía relacionada principalmente con temas antropológicos. Incluye un listado de los estudios que aparecen en revistas, bibliografías de investigadores, publicaciones de centros de investigación, comentarios de libros y breves estudios. | ||
| 649 | |a XX | ||
| 650 | |a Antropología - |x Publicaciones Periódicas Mexicanas | ||
| 650 | |a Antropología - |x Investigación | ||
| 650 | |a Antropología Física - |x Bibliografías | ||
| 650 | |a Etnografía - |x Bibliografías | ||
| 650 | |a Lingüística - |x Bibliografías | ||
| 650 | |a Arqueología - |x Bibliografías | ||
| 650 | |a Geología - |x Bibliografías | ||
| 650 | |a Paleontología - |x Bibliografías | ||
| 700 | |a Caso, Alfonso |e (dirección) | ||
| 910 | |a Fondo Salvador Reynoso Reynoso | ||
| 920 | |a Impresos - Libros | ||
| 930 | |a Fondos Especiales | ||
| 905 | |a 112 | ||
| 901 | |a 0800003575 |b IT2 |c ESP |u 20250521 | ||
| 902 | |a https://opac.biblio.iteso.mx/vufind/Record/000115553 | ||